000 00581nam a2200205Ia 4500
005 20250923150017.0
008 008 250917s9999 xx 000 0 eng d
037 _aTextual
040 _aDSWL
_beng
_cDSWL
041 _aeng
_2eng
084 _aY59270gYX;5, N94;1
_qDSWL
100 _aSinha, B.D.
_9841268
245 0 _aRestoration of Human Dignity
_c by B.D. Sinha
260 _aNew Delhi
_bArnold Publishers
_c1994
300 _a187 p.
365 _aINR
_b150.00
925 _g150.00
942 _cTEXL
_hY59270gYX;5, N94;1
999 _c1458473
_d1458473